| 000 | 01249cam a2200349 a 4500 | ||
|---|---|---|---|
| 999 |
_c234321 _d234321 |
||
| 001 | 13525641 | ||
| 003 | Nust | ||
| 005 | 20170317133027.0 | ||
| 008 | 030926s2003 ii ab bs 000 0 eng | ||
| 010 | _a 2003322074 | ||
| 020 | _a8188836206 | ||
| 025 | _aI-E-2003-322074; 89-25 | ||
| 035 | _a(DLC) 2003322074 | ||
| 037 |
_bLibrary of Congress -- New Delhi Overseas Office _cRs275.00 |
||
| 040 |
_aDLC _cDLC |
||
| 042 | _alcode | ||
| 043 | _aa-ii--- | ||
| 082 | _a307.1412 KHA | ||
| 100 | 1 | _aKhanna, Sulbha, | |
| 245 | 1 | 0 |
_aRural development : _bstrategies and planning / _cby Sulbha Khanna and Upma Diwan. |
| 260 |
_aNew Delhi : _bSonali Publications, _c2003. |
||
| 300 |
_a129 p. : _bill., maps ; _c22 cm. |
||
| 500 | _aH.B Includes statistical tables. | ||
| 504 | _aIncludes bibliographical references (p. [124]-129). | ||
| 520 | _aCase study of Madhya Pradesh. | ||
| 650 | 0 |
_aRural development _zIndia _zMadhya Pradesh _vCase studies. |
|
| 650 | 0 |
_aRural development _xPlanning _zIndia _zMadhya Pradesh. |
|
| 700 | 1 | _aDiwan, Upma. | |
| 906 |
_a7 _bcbc _corigode _d3 _encip _f20 _gy-gencatlg |
||
| 942 |
_2ddc _cBK _k307.1412 KHA |
||